[Event "DSM WK M 2015"]
[Site "Karlsruhe GER"]
[Date "2015.05.10"]
[Round "7"]
[White "Henke, Hanna"]
[Black "Kümmel, Tina"]
[Result "1-0"]
[Termination "normal"]
[Board "6.1"]
[WhiteElo "1305"]
[BlackElo "1381"]
[WhiteTeam "Goethe-Gymnasium Karlsruhe"]
[BlackTeam "Ludwigsgymnasium Köthen"]
[PlyCount "111"]
[WhiteFideId "12964441"]
[BlackFideId "12979368"]
[EventCountry "GER"]
[EventRounds "7"]
[EventType "team-swiss"]
[EventDate "2015.05.07"]

1. e4 e6 2. d4 d5 3. Nc3 Nf6 4. Bg5 Be7 5. Nf3 Nxe4 6. Nxe4 dxe4 7. Bxe7 Qxe7
8. Ne5 Qb4+ 9. c3 Qxb2 10. Rc1 Qxa2 11. Qg4 O-O 12. Qxe4 Qd5 13. Qh4 Nd7 14.
Bd3 f5 15. Bc4 Qd6 16. Nf3 Nf6 17. O-O Qc6 18. Bb3 Qe4 19. Qg3 Qg4 20. Qxc7 Nh5
21. Ne5 Nf4 22. Nxg4 Ne2+ 23. Kh1 Nxc1 24. Rxc1 fxg4 25. d5 exd5 26. Bxd5+ Kh8
27. Qe7 Bf5 28. Qxb7 Rfe8 29. Qxa8 Rxa8 30. Bxa8 Kg8 31. c4 Kf8 32. c5 Ke7 33.
Rd1 Bc8 34. c6 a6 35. Bb7 Bf5 36. Bxa6 h6 37. c7 h5 38. c8=Q Bxc8 39. Bxc8 Kf6
40. h3 gxh3 41. Bxh3 Kg6 42. g4 hxg4 43. Bxg4 Kf6 44. Rd5 Kf7 45. Rd6 Ke7 46.
Rg6 Kf7 47. Bf5 Kg8 48. Kg2 Kf7 49. Kf3 Kg8 50. Ke4 Kh7 51. Ke5 Kg8 52. Ke6 Kf8
53. Kd7 Kf7 54. Rd6 Kf8 55. Ke6 Kg8 56. Rd8# 1-0

[Event "DSM WK M 2015"]
[Site "Karlsruhe GER"]
[Date "2015.05.10"]
[Round "7"]
[White "Wesselly, Luisa"]
[Black "Shevchenko, Alyona"]
[Result "0-1"]
[Termination "normal"]
[Board "6.2"]
[WhiteElo "1032"]
[BlackElo "941"]
[WhiteTeam "Ludwigsgymnasium Köthen"]
[BlackTeam "Goethe-Gymnasium Karlsruhe"]
[PlyCount "94"]
[WhiteFideId "16217187"]
[BlackFideId "12983420"]
[EventCountry "GER"]
[EventRounds "7"]
[EventType "team-swiss"]
[EventDate "2015.05.07"]

1. e4 e5 2. Nf3 Nc6 3. Bc4 Bc5 4. d3 h6 5. Be3 Bxe3 6. fxe3 Nf6 7. Nbd2 d5 8.
exd5 Nxd5 9. Qe2 Ndb4 10. Kd1 Bf5 11. e4 Bg4 12. Qf2 Nd4 13. Bb3 Nxb3 14. Nxb3
O-O 15. h3 Bh5 16. g4 Bg6 17. Nxe5 Bxe4 18. Rf1 Bg6 19. h4 h5 20. Nxg6 fxg6 21.
Qg2 Qd7 22. g5 Rxf1+ 23. Qxf1 Qg4+ 24. Qe2 Qxh4 25. Qe6+ Kh7 26. Qe7 Qg4+ 27.
Kd2 Qg2+ 28. Qe2 Qxg5+ 29. Kc3 Nd5+ 30. Kc4 Qf5 31. Rf1 Qd7 32. Qe5 Nb6+ 33.
Kc3 Qc6+ 34. Qc5 Na4+ 35. Kb4 Nxc5 36. Nxc5 a5+ 37. Kc4 b5+ 38. Kd4 Rd8+ 39.
Ke5 Qxc5+ 40. Ke4 Qd5+ 41. Ke3 Qd4+ 42. Kd2 Qb4+ 43. c3 Qxb2+ 44. Ke3 Qxc3 45.
Rd1 Qe5+ 46. Kf3 Rf8+ 47. Kg2 Qe2+ 0-1

[Event "DSM WK M 2015"]
[Site "Karlsruhe GER"]
[Date "2015.05.10"]
[Round "7"]
[White "Platonova, Elisaveta"]
[Black "Buchheim, Luise"]
[Result "0-1"]
[Termination "normal"]
[Board "6.3"]
[WhiteElo "911"]
[BlackElo "1112"]
[WhiteTeam "Goethe-Gymnasium Karlsruhe"]
[BlackTeam "Ludwigsgymnasium Köthen"]
[PlyCount "150"]
[WhiteFideId "16200349"]
[BlackFideId "16217179"]
[EventCountry "GER"]
[EventRounds "7"]
[EventType "team-swiss"]
[EventDate "2015.05.07"]

1. e4 e5 2. Nf3 Nc6 3. Bc4 Nf6 4. Nc3 Bc5 5. O-O d6 6. d3 Bg4 7. h3 Be6 8. Bxe6
fxe6 9. Be3 Bb6 10. Ng5 Qd7 11. a3 O-O 12. Bxb6 axb6 13. Nb5 Rfe8 14. c4 h6 15.
Nf3 Red8 16. Nc3 Qf7 17. Re1 Nh5 18. d4 exd4 19. Nxd4 e5 20. Nf5 Nf4 21. Nd5
Kh7 22. Nxf4 exf4 23. Qf3 Qxc4 24. Qxf4 Nd4 25. Qg4 Nxf5 26. Qxf5+ g6 27. Qf3
Rf8 28. Rac1 Rxf3 29. Rxc4 Rf7 30. e5 dxe5 31. Rxe5 Rd8 32. Rc1 Rdd7 33. Rce1
Kg7 34. g3 Kf6 35. Re6+ Kg7 36. g4 Kh7 37. h4 Kg7 38. R1e5 Kh7 39. g5 hxg5 40.
Rxg5 Rg7 41. h5 gxh5 42. Ree5 Rxg5+ 43. Rxg5 Rg7 44. Rg2 Rxg2+ 45. Kxg2 Kg6 46.
f4 h4 47. Kh3 Kf5 48. Kxh4 Kxf4 49. b4 Ke5 50. Kg3 Kd4 51. Kf4 c5 52. b5 c4 53.
Kf5 Kc5 54. Ke4 Kxb5 55. Kd4 c3 56. Kxc3 Ka4 57. Kc4 b5+ 58. Kc3 Kxa3 59. Kc2
b4 60. Kb1 Kb3 61. Ka1 Kc2 62. Ka2 b3+ 63. Ka3 b2 64. Kb4 b1=Q+ 65. Kc5 b5 66.
Kd4 b4 67. Kc5 b3 68. Kd4 b2 69. Kc4 Qd1 70. Kb4 b1=R+ 71. Kc4 Qd3+ 72. Kc5 Rc1
73. Kc6 Kd2+ 74. Kb6 Qb3+ 75. Ka5 Ra1# 0-1

[Event "DSM WK M 2015"]
[Site "Karlsruhe GER"]
[Date "2015.05.10"]
[Round "7"]
[White "Buhle, Jasmin"]
[Black "Kiefhaber, Marlene"]
[Result "1-0"]
[Termination "normal"]
[Board "6.4"]
[WhiteElo "960"]
[BlackElo "839"]
[WhiteTeam "Ludwigsgymnasium Köthen"]
[BlackTeam "Goethe-Gymnasium Karlsruhe"]
[PlyCount "111"]
[WhiteFideId "16217195"]
[EventCountry "GER"]
[EventRounds "7"]
[EventType "team-swiss"]
[EventDate "2015.05.07"]

1. e4 c6 2. Nc3 d5 3. exd5 cxd5 4. d4 Nc6 5. Nf3 Nf6 6. Be2 e6 7. a3 Bd6 8. O-O
O-O 9. Bg5 e5 10. dxe5 Nxe5 11. Nxd5 Be7 12. Nxf6+ Bxf6 13. Qxd8 Rxd8 14. Bxf6
gxf6 15. Rad1 Nxf3+ 16. Bxf3 Bd7 17. Bxb7 Bg4 18. Rxd8+ Rxd8 19. Re1 Be2 20. h3
Rd1 21. Rxd1 Bxd1 22. Be4 a5 23. Kf1 a4 24. Ke1 Bh5 25. g4 Bg6 26. Bxg6 hxg6
27. c4 f5 28. gxf5 gxf5 29. Kd2 Kf8 30. Kd3 Ke7 31. Kc3 Kd6 32. Kb4 f4 33. Kxa4
f5 34. b4 f3 35. Kb5 f4 36. Kb6 Kd7 37. b5 Kc8 38. Ka7 Kc7 39. b6+ Kc8 40. b7+
Kc7 41. b8=Q+ Kc6 42. Qb7+ Kc5 43. h4 Kd4 44. Qd5+ Kc3 45. Qxf3+ Kxc4 46. Qxf4+
Kb3 47. h5 Kxa3 48. h6 Kb2 49. h7 Kc3 50. h8=Q+ Kd3 51. Qfe5 Kc4 52. Qc8+ Kd3
53. Qd8+ Kc2 54. Qc5+ Kb3 55. Qb8+ Ka4 56. Qbb4# 1-0

[Event "DSM WK M 2015"]
[Site "Karlsruhe GER"]
[Date "2015.05.10"]
[Round "7"]
[White "Neumann, Tina"]
[Black "Becker, Nina"]
[Result "1/2-1/2"]
[Termination "normal"]
[Board "7.1"]
[WhiteElo "1284"]
[BlackElo "1102"]
[WhiteTeam "Veit-Ludwig-von-Seckendorff-Gymnasium Meuselwitz"]
[BlackTeam "Warndt-Gymnasium Völklingen"]
[PlyCount "48"]
[WhiteFideId "16212371"]
[EventCountry "GER"]
[EventRounds "7"]
[EventType "team-swiss"]
[EventDate "2015.05.07"]

1. e4 e5 2. Nf3 Nc6 3. d4 exd4 4. c3 dxc3 5. Bc4 Bc5 6. Nxc3 d6 7. h3 h6 8. O-O
Be6 9. Bxe6 fxe6 10. Qb3 Qd7 11. Qxb7 Rb8 12. Qa6 Nge7 13. Qe2 O-O 14. a3 Nd4
15. Nxd4 Bxd4 16. Qd3 Nc6 17. b4 a6 18. Rb1 Rf6 19. Be3 Be5 20. f4 Bxc3 21.
Qxc3 d5 22. Rbc1 d4 23. Qxc6 Qxc6 24. Rxc6 dxe3 1/2-1/2

[Event "DSM WK M 2015"]
[Site "Karlsruhe GER"]
[Date "2015.05.10"]
[Round "7"]
[White "Bohdjalian, Roxanne"]
[Black "Meyer, Jessica"]
[Result "0-1"]
[Termination "normal"]
[Board "7.2"]
[WhiteElo "1117"]
[BlackElo "1040"]
[WhiteTeam "Warndt-Gymnasium Völklingen"]
[BlackTeam "Veit-Ludwig-von-Seckendorff-Gymnasium Meuselwitz"]
[PlyCount "54"]
[WhiteFideId "12937789"]
[BlackFideId "16230019"]
[EventCountry "GER"]
[EventRounds "7"]
[EventType "team-swiss"]
[EventDate "2015.05.07"]

1. e4 c5 2. d4 cxd4 3. Qxd4 e6 4. Nc3 Be7 5. Nf3 Nf6 6. Bc4 d6 7. e5 d5 8. exf6
Bxf6 9. Bb5+ Bd7 10. Bxd7+ Nxd7 11. Qe3 Nb6 12. Nb5 a6 13. Nbd4 Nc4 14. Qe2 e5
15. b3 O-O 16. bxc4 exd4 17. Qd3 Re8+ 18. Kf1 dxc4 19. Qxc4 Rc8 20. Qd3 Rc3 21.
Qd2 d3 22. cxd3 Rxd3 23. Rb1 Rxd2 24. Bxd2 Qd3+ 25. Kg1 Qxb1+ 26. Be1 Rxe1+ 27.
Nxe1 Qxe1# 0-1

[Event "DSM WK M 2015"]
[Site "Karlsruhe GER"]
[Date "2015.05.10"]
[Round "7"]
[White "Wilmar, Anna"]
[Black "Bohdjalian, Johanna"]
[Result "1-0"]
[Termination "normal"]
[Board "7.3"]
[WhiteElo "800"]
[BlackElo "800"]
[WhiteTeam "Veit-Ludwig-von-Seckendorff-Gymnasium Meuselwitz"]
[BlackTeam "Warndt-Gymnasium Völklingen"]
[PlyCount "81"]
[EventCountry "GER"]
[EventRounds "7"]
[EventType "team-swiss"]
[EventDate "2015.05.07"]

1. d4 Nc6 2. Nf3 d5 3. Bf4 Nf6 4. e3 Nh5 5. c4 e6 6. Ne5 Bb4+ 7. Nc3 Qe7 8. a3
Ba5 9. b4 Bxb4 10. axb4 Nxb4 11. Qa4+ c6 12. c5 O-O 13. Qxb4 Qd8 14. Be2 a5 15.
Qb1 Nf6 16. O-O b5 17. Nxc6 Qd7 18. Nxa5 Ba6 19. Bxb5 Bxb5 20. Qxb5 Rab8 21.
Qxd7 Nxd7 22. Bxb8 Nxb8 23. Rfc1 h6 24. e4 dxe4 25. Nxe4 Rd8 26. Rd1 f6 27. Nb7
Re8 28. Ra8 f5 29. Ned6 Re7 30. Rxb8+ Kh7 31. c6 Kg6 32. h3 f4 33. d5 exd5 34.
Rxd5 Re1+ 35. Kh2 Re2 36. f3 Kh7 37. c7 g5 38. c8=Q Kg6 39. Qf5+ Kh5 40. Nf7
Kh4 41. Qg4# 1-0

[Event "DSM WK M 2015"]
[Site "Karlsruhe GER"]
[Date "2015.05.10"]
[Round "7"]
[White "Pitschmann, Lea"]
[Black "Jubelt, Lea"]
[Result "0-1"]
[Termination "normal"]
[Board "7.4"]
[WhiteElo "800"]
[BlackElo "696"]
[WhiteTeam "Warndt-Gymnasium Völklingen"]
[BlackTeam "Veit-Ludwig-von-Seckendorff-Gymnasium Meuselwitz"]
[PlyCount "90"]
[EventCountry "GER"]
[EventRounds "7"]
[EventType "team-swiss"]
[EventDate "2015.05.07"]

1. e4 e5 2. Nf3 Nc6 3. Bc4 Nf6 4. Nc3 Bc5 5. d3 O-O 6. Be3 Bxe3 7. fxe3 d6 8.
O-O a6 9. d4 b5 10. Bd5 Bb7 11. dxe5 dxe5 12. Nh4 Qb8 13. Nf5 Ne8 14. Qg4 g6
15. Nh6+ Kg7 16. Qh4 Nd8 17. Rf3 Bxd5 18. Nxd5 c6 19. Nf6 Qd6 20. Rff1 Ra7 21.
Rad1 Qe7 22. Nhg4 h5 23. Nf2 Nxf6 24. g4 Nxg4 25. Qxe7 Rxe7 26. Nxg4 hxg4 27.
Kf2 f5 28. exf5 gxf5 29. Rh1 Nf7 30. h4 c5 31. Rh2 Rh8 32. h5 a5 33. b3 a4 34.
Rdh1 Re6 35. a3 Rf6 36. bxa4 bxa4 37. Rd1 Rd6 38. Rd3 Rxd3 39. cxd3 e4 40. d4
cxd4 41. exd4 f4 42. d5 g3+ 43. Kg2 gxh2 44. Kxh2 Rxh5+ 45. Kg2 Rxd5 0-1

[Event "DSM WK M 2015"]
[Site "Karlsruhe GER"]
[Date "2015.05.10"]
[Round "7"]
[White "Brokinkel, Lilli"]
[Black "Caliebe, Nanke"]
[Result "0-1"]
[Termination "normal"]
[Board "8.1"]
[WhiteElo "800"]
[BlackElo "1360"]
[WhiteTeam "Oberschule Am Barkhof Bremen"]
[BlackTeam "Gymnasium Altenholz"]
[PlyCount "142"]
[BlackFideId "12980528"]
[EventCountry "GER"]
[EventRounds "7"]
[EventType "team-swiss"]
[EventDate "2015.05.07"]

1. e4 c5 2. Nc3 e6 3. Nf3 Nc6 4. Bc4 d6 5. d3 Nf6 6. Bf4 Be7 7. O-O O-O 8. g3
b6 9. Re1 Bb7 10. b3 a6 11. d4 cxd4 12. Nxd4 Nxd4 13. Qxd4 e5 14. Qd2 exf4 15.
Qxf4 Rc8 16. Rad1 Qc7 17. Nd5 Nxd5 18. exd5 Bf6 19. Bd3 g6 20. Qxf6 Qd8 21. Qe7
Rc7 22. Qh4 Qxh4 23. gxh4 b5 24. h5 gxh5 25. Re2 Kh8 26. Rde1 Rg8+ 27. Kf1 Bxd5
28. Be4 Bxe4 29. Rxe4 Rxc2 30. Re7 Rf8 31. Re8 Rxe8 32. Rxe8+ Kg7 33. a4 bxa4
34. bxa4 Rc4 35. Rd8 Rd4 36. f3 Kf6 37. Kg2 Ke7 38. Rh8 Rxa4 39. Rxh7 Ra5 40.
Kg3 Rf5 41. Rh8 d5 42. Kh4 Rxf3 43. Rxh5 d4 44. Re5+ Kf6 45. Rd5 d3 46. Rd6+
Ke5 47. Rxa6 d2 48. Ra1 Rd3 49. Kg4 d1=Q+ 50. Rxd1 Rxd1 51. h4 Kf6 52. Kh3 Rh1+
53. Kg4 Kg6 54. Kg3 Kh5 55. Kf4 Rxh4+ 56. Ke5 Ra4 57. Kf6 Ra5 58. Kxf7 Ra6 59.
Ke7 Kg5 60. Kd7 Kf5 61. Kc7 Ke5 62. Kb7 Rh6 63. Kc7 Kd5 64. Kd7 Rh7+ 65. Ke8
Kd6 66. Kf8 Ke6 67. Kg8 Ra7 68. Kf8 Rb7 69. Kg8 Kf6 70. Kh8 Kg6 71. Kg8 Rb8#
0-1

[Event "DSM WK M 2015"]
[Site "Karlsruhe GER"]
[Date "2015.05.10"]
[Round "7"]
[White "König, Isabel"]
[Black "Hobrecht, Marei"]
[Result "1-0"]
[Termination "normal"]
[Board "8.2"]
[WhiteElo "1073"]
[BlackElo "800"]
[WhiteTeam "Gymnasium Altenholz"]
[BlackTeam "Oberschule Am Barkhof Bremen"]
[PlyCount "57"]
[WhiteFideId "16210000"]
[EventCountry "GER"]
[EventRounds "7"]
[EventType "team-swiss"]
[EventDate "2015.05.07"]

1. d4 d5 2. c4 e6 3. Nf3 Nc6 4. Nc3 dxc4 5. e4 Nf6 6. Bxc4 Bb4 7. Bg5 h6 8. Bh4
O-O 9. e5 b6 10. exf6 gxf6 11. O-O Bb7 12. a3 Re8 13. axb4 Nxb4 14. Ne5 Ba6 15.
Bxa6 Nxa6 16. Rxa6 Qc8 17. Qg4+ Kf8 18. Ng6+ fxg6 19. Qxg6 Qxa6 20. Qxh6+ Ke7
21. Qxf6+ Kd7 22. Qf7+ Kc6 23. Qf3+ Kd7 24. Rc1 Rh8 25. Qf7+ Kc6 26. Qxe6+ Kb7
27. Qd5+ c6 28. Qd7+ Kb8 29. Bg3# 1-0

[Event "DSM WK M 2015"]
[Site "Karlsruhe GER"]
[Date "2015.05.10"]
[Round "7"]
[White "Morsch, Rebecca"]
[Black "Issifou, Yusra"]
[Result "1-0"]
[Termination "normal"]
[Board "8.4"]
[WhiteElo "800"]
[BlackElo "800"]
[WhiteTeam "Gymnasium Altenholz"]
[BlackTeam "Oberschule Am Barkhof Bremen"]
[PlyCount "69"]
[EventCountry "GER"]
[EventRounds "7"]
[EventType "team-swiss"]
[EventDate "2015.05.07"]

1. e4 e5 2. Nf3 Nc6 3. Nc3 Nf6 4. Bb5 Bb4 5. O-O d6 6. d3 Bg4 7. h3 Bh5 8. Bd2
a6 9. Bxc6+ bxc6 10. Qe2 a5 11. Qe3 h6 12. Rae1 g6 13. g4 Bxg4 14. hxg4 Nxg4
15. Qe2 f5 16. Nh2 Nxh2 17. Kxh2 h5 18. Rh1 Rg8 19. Kg1 Rh8 20. Kf1 g5 21. Rxh5
Rxh5 22. Qxh5+ Ke7 23. Bxg5+ Ke6 24. Bxd8 Rxd8 25. exf5+ Kd7 26. Re4 Bc5 27.
Rg4 d5 28. Qh6 Bd4 29. f6 Kd6 30. f7+ Ke7 31. Qg7 Rf8 32. Qg5+ Kxf7 33. Qf5+
Ke7 34. Rg7+ Ke8 35. Qd7# 1-0

[Event "DSM WK M 2015"]
[Site "Karlsruhe GER"]
[Date "2015.05.10"]
[Round "7"]
[White "Ludwig, Lea"]
[Black "Marquard, Chantal"]
[Result "1-0"]
[Termination "normal"]
[Board "9.1"]
[WhiteElo "800"]
[BlackElo "800"]
[WhiteTeam "Käthe-Kollwitz-Gymnasium Berlin"]
[BlackTeam "Oberschule Adolph Diesterweg Hennigsdorf"]
[PlyCount "75"]
[WhiteFideId "16217381"]
[EventCountry "GER"]
[EventRounds "7"]
[EventType "team-swiss"]
[EventDate "2015.05.07"]

1. d4 d5 2. Nf3 Bf5 3. e3 e6 4. c4 Nf6 5. Nc3 Nc6 6. Be2 Be7 7. O-O dxc4 8.
Bxc4 Ng4 9. h3 Nf6 10. b3 Ne4 11. Bb2 Bb4 12. Rc1 O-O 13. Nxe4 Bxe4 14. Nd2 Bf5
15. Nb1 h6 16. Ba3 Be7 17. Bb2 Nb4 18. Nd2 Nxa2 19. Ra1 Nb4 20. e4 Bg6 21. Nf3
Bxe4 22. Ne5 f6 23. Bxe6+ Kh7 24. Ng4 Bd3 25. Re1 f5 26. Ne5 Bc5 27. Nxd3 Bd6
28. Nxb4 Bxb4 29. Re3 f4 30. Qd3+ Kh8 31. Rf3 Qe7 32. Bc4 Rfe8 33. Rxf4 Qe1+
34. Rxe1 Rxe1+ 35. Kh2 Rae8 36. d5 a5 37. Qg6 Kg8 38. Qxg7# 1-0

[Event "DSM WK M 2015"]
[Site "Karlsruhe GER"]
[Date "2015.05.10"]
[Round "7"]
[White "Nemitz, Rebekka"]
[Black "Buschek, Paula"]
[Result "1/2-1/2"]
[Termination "normal"]
[Board "9.2"]
[WhiteElo "825"]
[BlackElo "788"]
[WhiteTeam "Oberschule Adolph Diesterweg Hennigsdorf"]
[BlackTeam "Käthe-Kollwitz-Gymnasium Berlin"]
[PlyCount "89"]
[BlackFideId "16217373"]
[EventCountry "GER"]
[EventRounds "7"]
[EventType "team-swiss"]
[EventDate "2015.05.07"]

1. e4 c5 2. Nf3 Nc6 3. Bc4 d6 4. Ng5 Ne5 5. d3 Nf6 6. Nc3 g6 7. Nd5 Bg7 8. Nf3
O-O 9. O-O Be6 10. Ne3 Bxc4 11. Nxc4 Nxc4 12. dxc4 a6 13. b3 Nxe4 14. Be3 Bxa1
15. Qxa1 Nf6 16. c3 b5 17. cxb5 axb5 18. c4 bxc4 19. bxc4 Ng4 20. Bf4 Ra4 21.
Nd2 Qa8 22. Qb2 Rxa2 23. Qc3 Qa3 24. Nb3 e5 25. Bc1 Qa7 26. f3 Nf6 27. f4 Nd7
28. f5 Qb7 29. Be3 Qe4 30. Rf2 Rfa8 31. Nc1 Ra1 32. h3 d5 33. cxd5 R8a3 34. Qd2
Rxe3 35. Rf1 Rea3 36. d6 gxf5 37. Qg5+ Kf8 38. Qe7+ Kg8 39. Qg5+ Kh8 40. Qd8+
Kg7 41. Qg5+ Kf8 42. Qe7+ Kg7 43. Qg5+ Kf8 44. Qe7+ Kg7 45. Qg5+ 1/2-1/2

[Event "DSM WK M 2015"]
[Site "Karlsruhe GER"]
[Date "2015.05.10"]
[Round "7"]
[White "Oschlies, Tami"]
[Black "Fischer, Trixy"]
[Result "1-0"]
[Termination "normal"]
[Board "9.3"]
[WhiteElo "800"]
[BlackElo "800"]
[WhiteTeam "Käthe-Kollwitz-Gymnasium Berlin"]
[BlackTeam "Oberschule Adolph Diesterweg Hennigsdorf"]
[PlyCount "105"]
[WhiteFideId "16217365"]
[BlackFideId "16217462"]
[EventCountry "GER"]
[EventRounds "7"]
[EventType "team-swiss"]
[EventDate "2015.05.07"]

1. e4 e5 2. Nf3 Nc6 3. Bc4 Nf6 4. d3 Bc5 5. O-O O-O 6. Bb3 d6 7. c3 d5 8. exd5
Nxd5 9. h3 Be6 10. Qe2 Nf4 11. Bxf4 Bxb3 12. Bxe5 Bd5 13. Nbd2 h6 14. c4 Re8
15. cxd5 Qxd5 16. Rfe1 f6 17. Nc4 Nd4 18. Qe3 Nc2 19. Qe4 Rad8 20. Qg6 Qf7 21.
Qxf7+ Kxf7 22. Bxc7 Rxd3 23. Rxe8 Kxe8 24. Rc1 Nd4 25. Nxd4 Rxd4 26. b3 b5 27.
Na5 Ba3 28. Rc6 a6 29. Rxa6 Rd1+ 30. Kh2 Be7 31. f4 g5 32. fxg5 hxg5 33. a4 b4
34. Nc6 Bd6+ 35. Bxd6 Rxd6 36. Nxb4 Rd4 37. Nc6 Rd6 38. a5 f5 39. Rb6 g4 40. a6
Rg6 41. hxg4 Rh6+ 42. Kg3 Rh8 43. a7 Kd7 44. Rb8 Kxc6 45. a8=Q+ Kc7 46. Rxh8
Kd6 47. Qc8 Ke5 48. g5 Ke4 49. Qc5 Kd3 50. Rd8+ Ke2 51. Qc3 Kf1 52. Qd2 Kg1 53.
Qe1# 1-0

[Event "DSM WK M 2015"]
[Site "Karlsruhe GER"]
[Date "2015.05.10"]
[Round "7"]
[White "Uhn, Jeannine"]
[Black "Eilers-König, Nadja"]
[Result "0-1"]
[Termination "normal"]
[Board "9.4"]
[WhiteElo "800"]
[BlackElo "800"]
[WhiteTeam "Oberschule Adolph Diesterweg Hennigsdorf"]
[BlackTeam "Käthe-Kollwitz-Gymnasium Berlin"]
[PlyCount "48"]
[BlackFideId "16217390"]
[EventCountry "GER"]
[EventRounds "7"]
[EventType "team-swiss"]
[EventDate "2015.05.07"]

1. e4 c5 2. Nf3 Nc6 3. Nc3 d6 4. d3 g6 5. Be3 Bg7 6. Be2 Nf6 7. d4 Ng4 8. Qd2
Nxe3 9. fxe3 cxd4 10. exd4 O-O 11. Bc4 Bg4 12. Nd5 Bxf3 13. gxf3 Qa5 14. O-O-O
Qxd2+ 15. Rxd2 Nxd4 16. Nxe7+ Kh8 17. Rg1 Nxf3 18. Rgd1 Nxd2 19. Rxd2 Rad8 20.
b4 Rfe8 21. Nd5 Rxe4 22. Bb3 Rde8 23. Kb1 Re1+ 24. Rd1 Rxd1# 0-1